000 01048nam a2200265Ia 4500
003 OSt
005 20221005105718.0
006 a|||||r|||| 00| 0
007 ta
008 221004b |||||||| |||| 00| 0 san d
020 _a9789383980529 (hbk)
_cINR 650.00
024 _a34788
037 _b126, 12/09/2017, Eastern Book Linkers
_cTextual
040 _aCRL
_cCRL
_bsan
041 _2san
_asan
082 _aE.2'C, 152Q7
100 _aपाण्डेय, सुनील कुमार, ले.
_9623893
245 0 _aप्राचीन भारत में रसायन विज्ञान
246 _aPrāchīn bhārat mean rasāyan vijnyāna
260 _aनई दिल्ली
_bशिवांक प्रकाशन भारत
_c2017
300 _a284पृ0
_ccm.
650 _aरसायन विज्ञान
942 _hE.2'C, 152Q7
_cTEXL
_2cc
999 _c1016665
_d1016665